| 000 | 00771nam a2200217Ia 4500 | ||
|---|---|---|---|
| 003 | GCL | ||
| 008 | 140319s9999 xx 000 0 ara d | ||
| 040 |
_aGCL / _cGCL |
||
| 082 | 0 | 4 |
_a021 _bم ت |
| 100 | 1 | _aمحمود علم الدين | |
| 245 | 1 | 0 |
_aتكنولوجيا المعلومات وصناعة الاتصال الجماهيرى / _cمحمود علم الدين |
| 260 |
_aالقاهرة : _bالعربى للنشر والتوزيع ، _c1990 |
||
| 300 |
_a139 ص ؛ _c24 سم |
||
| 490 |
_aدراسات فى الاعلام _v0 |
||
| 650 | 0 | 4 | _aنظم المعلومات |
| 650 | 0 | 4 | _aالمعلومات |
| 650 | 0 | 4 | _aوسائل الاعلام |
| 650 | 0 | 4 | _aنظم استرجاع المعلومات |
| 650 | 0 | 4 | _aالاعلام, علم |
| 942 |
_2ddc _cBK |
||
| 999 |
_c59116 _d59116 |
||